[Event "SVK-chT 2223"]
[Site "Slovakia"]
[Date "2023.04.02"]
[Round "11.3"]
[White "Kovacik, Emil"]
[Black "Stauder, Matej"]
[Result "1-0"]
[WhiteElo "2052"]
[BlackElo "2108"]
[PlyCount "139"]
[EventDate "2022.10.22"]
[EventType "team-tourn"]
[EventRounds "11"]
[EventCountry "SVK"]
[SourceTitle "EXT 2024"]
[Source "ChessBase"]
[SourceDate "2023.10.10"]
[SourceVersion "1"]
[SourceVersionDate "2023.10.10"]
[SourceQuality "1"]
[WhiteTeam "Dubnica nad Vahom"]
[BlackTeam "Zilina Mladost"]
[WhiteTeamCountry "SVK"]
[BlackTeamCountry "SVK"]

1. e4 c5 2. c3 d5 3. exd5 Qxd5 4. d4 e6 5. Nf3 Nf6 6. Bd3 Nc6 7. 0-0 Be7 8. Be3 cxd4 9. cxd4 0-0 10. Nc3 Qd8 11. a3 Kh8 12. Bc2 Nd5 13. Qd3 g6 14. Bh6 Re8 15. Ne4 Bf8 16. Bg5 f6 17. Bd2 Bg7 18. Rfe1 b6 19. h4 a5 20. Ba4 Ba6 21. Qb3 b5 22. Bxb5 Rb8 23. a4 Na7 24. Nc5 Bxb5 25. axb5 Rxb5 26. Qa4 Nb6 27. Qa2 e5 28. Ne6 Qd6 29. Nxg7 Kxg7 30. dxe5 fxe5 31. h5 gxh5 32. Bxa5 Nc6 33. Bc3 Nd5 34. Rad1 Nxc3 35. Rxd6 Nxa2 36. Rxc6 Rxb2 37. Nxe5 Rb7 38. f4 Nb4 39. Rc5 Na6 40. Rc3 Ree7 41. Rh3 Rb4 42. Rf1 Rb2 43. Rxh5 Nc7 44. Rf3 Kf8 45. Rf5+ Ke8 46. Rg3 Re6 47. Rg8+ Ke7 48. Rg7+ Kd8 49. Rxh7 Ne8 50. Nf7+ Kc8 51. Re5 Rxe5 52. Nxe5 Nf6 53. Rf7 Nd5 54. Kh2 Re2 55. Nf3 Ne3 56. Nh4 Nf1+ 57. Kh3 Re3+ 58. Nf3 Nd2 59. Kg4 Nxf3 60. gxf3 Kd8 61. Rf5 Re1 62. Re5 Rg1+ 63. Kf5 Kd7 64. Kf6 Kd6 65. Re3 Rd1 66. f5 Rd2 67. Kf7 Kd7 68. f6 Rd1 69. Kg7 Rg1+ 70. Kf8 1-0

[Event "SVK-chT2C 2223"]
[Site "Slovakia"]
[Date "2023.03.26"]
[Round "11.3"]
[White "Kovacs, Daniel1111"]
[Black "Stauder, Matej"]
[Result "0-1"]
[WhiteElo "1991"]
[BlackElo "2108"]
[PlyCount "150"]
[EventDate "2022.10.08"]
[EventType "team-tourn"]
[EventRounds "11"]
[EventCountry "SVK"]
[SourceTitle "EXT 2024"]
[Source "ChessBase"]
[SourceDate "2023.10.10"]
[SourceVersion "1"]
[SourceVersionDate "2023.10.10"]
[SourceQuality "1"]
[WhiteTeam "Vinica"]
[BlackTeam "Zilina Mladost III"]
[WhiteTeamCountry "SVK"]
[BlackTeamCountry "SVK"]

1. b3 e5 2. Bb2 Nc6 3. e3 a6 4. d4 exd4 5. exd4 d5 6. Nf3 Bd6 7. Be2 Nf6 8. 0-0 0-0 9. c4 Re8 10. Nc3 Bf8 11. Nxd5 Nxd5 12. cxd5 Ne7 13. d6 Qxd6 14. Rc1 Nd5 15. Bc4 c6 16. Bxd5 Qxd5 17. Qd2 Bg4 18. Qf4 Bxf3 19. Qxf3 Qxf3 20. gxf3 Re2 21. Rb1 g6 22. Rfe1 Rae8 23. Kf1 Rxe1+ 24. Rxe1 Rxe1+ 25. Kxe1 f5 26. Kd2 Kf7 27. Kd3 Ke6 28. Bc1 Kd5 29. f4 Bg7 30. Be3 Bf6 31. f3 Be7 32. Kc3 a5 33. Kd3 Bd6 34. h3 Ke6 35. Bd2 b6 36. Ke3 Kd7 37. Kd3 Ba3 38. Be3 Kc7 39. Bd2 Kb7 40. Be3 Ka6 41. Kc4 b5+ 42. Kd3 Kb6 43. Bd2 Be7 44. Be1 Bd8 45. Ke3 Kb7 46. Kd3 Kc8 47. d5 Kd7 48. dxc6+ Kxc6 49. Bf2 Bc7 50. Be3 Kd5 51. Bd2 Bb6 52. Be1 a4 53. bxa4 bxa4 54. Bc3 Bc7 55. Bd2 h6 56. Bc1 Bd8 57. Bd2 Kc5 58. a3 Kd5 59. Bc1 Bc7 60. Kc3 Bd6 61. Kd3 Be7 62. Kc3 Kc5 63. Be3+ Kb5 64. Bc1 Bf6+ 65. Kd3 Bg7 66. Bd2 Bb2 67. Bb4 Bc1 68. Kd4 Bxf4 69. Kd5 Be3 70. Bf8 h5 71. Be7 g5 72. Bf6 g4 73. hxg4 fxg4 74. fxg4 hxg4 75. Be5 Bc5 0-1

[Event "SVK-chT1E 2223"]
[Site "Slovakia"]
[Date "2023.01.14"]
[Round "7.1"]
[White "Tazbir, Marcin"]
[Black "Stauder, Matej"]
[Result "1-0"]
[WhiteElo "2509"]
[BlackElo "2113"]
[PlyCount "59"]
[EventDate "2022.10.15"]
[EventType "team-tourn"]
[EventRounds "11"]
[EventCountry "SVK"]
[SourceTitle "EXT 2024"]
[Source "ChessBase"]
[SourceDate "2023.10.10"]
[SourceVersion "1"]
[SourceVersionDate "2023.10.10"]
[SourceQuality "1"]
[WhiteTeam "Dunajov Martin"]
[BlackTeam "Zilina Mladost II"]
[WhiteTeamCountry "SVK"]
[BlackTeamCountry "SVK"]

1. e4 c5 2. Ne2 Nc6 3. d4 cxd4 4. Nxd4 e5 5. Nb5 d6 6. g3 Nf6 7. Bg2 a6 8. N5c3 Be6 9. 0-0 b5 10. Nd5 Bxd5 11. exd5 Nd4 12. c3 Nf5 13. a4 h5 14. axb5 axb5 15. Rxa8 Qxa8 16. Qd3 g6 17. Qxb5+ Nd7 18. Nd2 h4 19. Ne4 Ke7 20. Qb4 hxg3 21. hxg3 Qa6 22. Re1 Bg7 23. Bf1 Qa8 24. g4 Rb8 25. Qc4 Nh6 26. Qc7 Nxg4 27. Bh3 Qxd5 28. Bxg4 Rb7 29. Qc8 f5 30. Bf3 1-0

[Event "SVK-chT1E 2223"]
[Site "Slovakia"]
[Date "2022.11.06"]
[Round "4.1"]
[White "Hagara, Eduard"]
[Black "Stauder, Matej"]
[Result "0-1"]
[WhiteElo "2380"]
[BlackElo "2113"]
[PlyCount "52"]
[EventDate "2022.10.15"]
[EventType "team-tourn"]
[EventRounds "11"]
[EventCountry "SVK"]
[SourceTitle "EXT 2024"]
[Source "ChessBase"]
[SourceDate "2023.10.10"]
[SourceVersion "1"]
[SourceVersionDate "2023.10.10"]
[SourceQuality "1"]
[WhiteTeam "Kezmarok KdV"]
[BlackTeam "Zilina Mladost II"]
[WhiteTeamCountry "SVK"]
[BlackTeamCountry "SVK"]

1. d4 Nf6 2. Nf3 e6 3. e3 b6 4. Bd3 Bb7 5. Nbd2 d5 6. Ne5 Bd6 7. 0-0 0-0 8. f4 c5 9. b3 Nc6 10. Bb2 Rc8 11. a3 Ne7 12. Qf3 Nf5 13. Rf2 Qe7 14. Qe2 Ne4 15. Rf3 Bxe5 16. dxe5 c4 17. bxc4 Nxd2 18. Qxd2 dxc4 19. Bxf5 Bxf3 20. Bxh7+ Kxh7 21. gxf3 c3 22. Bxc3 Qc7 23. Bb4 Rfd8 24. Qg2 Qxc2 25. Qh3+ Kg8 26. e4 Rd1+ 0-1

[Event "SVK-chT2C 2122"]
[Site "Slovakia"]
[Date "2022.03.05"]
[Round "5.6"]
[White "Devera, Simon"]
[Black "Stauder, Matej"]
[Result "0-1"]
[WhiteElo "1911"]
[BlackElo "2069"]
[PlyCount "114"]
[EventDate "2021.10.16"]
[EventType "team-tourn"]
[EventRounds "11"]
[EventCountry "SVK"]
[SourceTitle "EXT 2023"]
[Source "ChessBase"]
[SourceDate "2022.10.05"]
[SourceVersion "1"]
[SourceVersionDate "2022.10.05"]
[SourceQuality "1"]
[WhiteTeam "Zilina Mladost III"]
[BlackTeam "Zilina Mladost II"]
[WhiteTeamCountry "SVK"]
[BlackTeamCountry "SVK"]

1. Nf3 Nf6 2. c4 e6 3. Nc3 d5 4. cxd5 exd5 5. d4 Be7 6. Bf4 c6 7. e3 0-0 8. Qc2 Re8 9. Bd3 Nbd7 10. 0-0 Nf8 11. Rab1 a5 12. a3 Nh5 13. Be5 f6 14. Bg3 Nxg3 15. hxg3 Be6 16. b4 axb4 17. axb4 Bf7 18. Nh4 g6 19. Na4 Rc8 20. Nc5 Qc7 21. Rfc1 b6 22. Na4 Ne6 23. Qb3 Qb7 24. Nc3 Ra8 25. b5 c5 26. Qxd5 Qxd5 27. Nxd5 Bd8 28. dxc5 Nxc5 29. Bc4 Re4 30. f3 Rxc4 31. Rxc4 Bxd5 32. Rd4 Be6 33. f4 Be7 34. Nf3 Bf5 35. Re1 Bd3 36. Rd1 Ra3 37. Kf2 Bxb5 38. Rb1 Rb3 39. Rxb3 Nxb3 40. Rd5 Bc6 41. Rd3 Nc5 42. Rd1 Ne4+ 43. Kg1 Nxg3 44. Nd4 Be4 45. Rc1 Bc5 46. Kf2 Nf5 47. Nxf5 Bxf5 48. Kf3 Be6 49. Rd1 Be7 50. Rb1 Bc5 51. e4 h5 52. Ke2 b5 53. Rc1 Be7 54. Rc7 Kf7 55. Rb7 b4 56. Kd2 h4 57. Kc2 Bc4 0-1

[Event "SVK-chT2C 2122"]
[Site "Slovakia"]
[Date "2021.10.17"]
[Round "2.8"]
[White "Ramic, Marian"]
[Black "Stauder, Matej"]
[Result "0-1"]
[WhiteElo "1725"]
[BlackElo "2015"]
[PlyCount "60"]
[EventDate "2021.10.16"]
[EventType "team-tourn"]
[EventRounds "11"]
[EventCountry "SVK"]
[SourceTitle "EXT 2023"]
[Source "ChessBase"]
[SourceDate "2022.10.05"]
[SourceVersion "1"]
[SourceVersionDate "2022.10.05"]
[SourceQuality "1"]
[WhiteTeam "Martin Medea"]
[BlackTeam "Zilina Mladost II"]
[WhiteTeamCountry "SVK"]
[BlackTeamCountry "SVK"]

1. d4 Nf6 2. c4 g6 3. Nc3 Bg7 4. Nf3 0-0 5. e3 d6 6. Be2 Nc6 7. a3 e5 8. d5 Ne7 9. e4 Nd7 10. 0-0 f5 11. Ng5 Nf6 12. Bd3 f4 13. h3 Bh6 14. Nf3 g5 15. Be2 Kh8 16. Nh2 Rg8 17. Bg4 Nxg4 18. Nxg4 Bg7 19. f3 h5 20. Nh2 Bf6 21. Rf2 Rg7 22. Kf1 Ng8 23. Ne2 Nh6 24. Ng1 g4 25. hxg4 Bh4 26. Ne2 Bxf2 27. Kxf2 Qh4+ 28. Kg1 hxg4 29. fxg4 Bxg4 30. Qf1 Rag8 0-1

[Event "SVK-chT2C 2122"]
[Site "Slovakia"]
[Date "2021.10.16"]
[Round "1.7"]
[White "Simo, Lubomir"]
[Black "Stauder, Matej"]
[Result "0-1"]
[WhiteElo "1783"]
[BlackElo "2015"]
[PlyCount "64"]
[EventDate "2021.10.16"]
[EventType "team-tourn"]
[EventRounds "11"]
[EventCountry "SVK"]
[SourceTitle "EXT 2023"]
[Source "ChessBase"]
[SourceDate "2022.10.05"]
[SourceVersion "1"]
[SourceVersionDate "2022.10.05"]
[SourceQuality "1"]
[WhiteTeam "Dunajov III"]
[BlackTeam "Zilina Mladost II"]
[WhiteTeamCountry "SVK"]
[BlackTeamCountry "SVK"]

1. e4 c5 2. Nf3 d6 3. d4 cxd4 4. Nxd4 Nf6 5. Nc3 a6 6. Be2 e6 7. 0-0 Be7 8. Be3 0-0 9. a4 b6 10. f4 Bb7 11. Bf3 d5 12. exd5 Nxd5 13. Nxd5 Bxd5 14. c4 Bxf3 15. Qxf3 Ra7 16. Rfd1 Rd7 17. Rd3 Qc7 18. b3 Rfd8 19. Rad1 Bc5 20. Bf2 e5 21. fxe5 Qxe5 22. Nc2 Qb2 23. Rxd7 Rxd7 24. Bxc5 bxc5 25. Rxd7 Nxd7 26. Qa8+ Nf8 27. Ne3 Qxb3 28. Qe8 g6 29. Qe5 Qxa4 30. Qxc5 Qa1+ 31. Kf2 Ne6 32. Qc6 Qb2+ 0-1

[Event "SVK-ch U18/20"]
[Site "Stara Lubovna"]
[Date "2021.06.30"]
[Round "6"]
[White "Stauder, Matej"]
[Black "Stevik, Patrik1111"]
[Result "1-0"]
[WhiteElo "2006"]
[BlackElo "2101"]
[PlyCount "185"]
[EventDate "2021.06.26"]
[EventType "swiss"]
[EventRounds "9"]
[EventCountry "SVK"]
[SourceTitle "CBM 203 Extra"]
[Source "ChessBase"]
[SourceDate "2021.09.30"]
[SourceVersion "1"]
[SourceVersionDate "2021.09.30"]
[SourceQuality "1"]

1. d4 d5 2. c4 e6 3. Nf3 Nf6 4. g3 a6 5. Bg2 dxc4 6. 0-0 Nbd7 7. Nbd2 Be7 8. Nxc4 0-0 9. Qc2 Nd5 10. a3 c5 11. dxc5 Bxc5 12. b4 Be7 13. Bb2 Bf6 14. Bxf6 N5xf6 15. e4 b5 16. Na5 Qb6 17. e5 Nd5 18. Rad1 Bb7 19. Ng5 g6 20. Qe4 h6 21. Nxb7 hxg5 22. Rxd5 exd5 23. Qxd5 Qe6 24. Qxe6 fxe6 25. Nc5 Ra7 26. Nxe6 Re8 27. Bd5 Kh8 28. Re1 Nb6 29. Bb3 g4 30. Re4 Nc4 31. Bxc4 bxc4 32. Nc5 c3 33. Rc4 Rxe5 34. Rxc3 Re2 35. Nd3 g5 36. Rc5 Rd7 37. Ne5 Rd4 38. Kf1 Ra2 39. Ra5 Kg7 40. Rxa6 Ra1+ 41. Kg2 Re1 42. Rg6+ Kf8 43. Rxg5 Ree4 44. b5 Rd1 45. Nxg4 Ra4 46. h4 Rxa3 47. h5 Raa1 48. h6 Kf7 49. h7 Rg1+ 50. Kh3 Rh1+ 51. Nh2 Ra8 52. Kg2 Rb1 53. Nf3 Rh8 54. Nd2 Rd1 55. Nc4 Rxh7 56. b6 Rb1 57. Rc5 Ke6 58. Rc7 Rxc7 59. bxc7 Kd7 60. Ne5+ Kxc7 61. f4 Kd6 62. Kf3 Ke6 63. Kg4 Rb8 64. Nf3 Kf6 65. Ng5 Ra8 66. Ne4+ Ke6 67. Nd2 Ra4 68. Nf1 Ra3 69. Nd2 Ra4 70. Kg5 Ra8 71. f5+ Ke5 72. Nf3+ Ke4 73. Nh4 Ra5 74. g4 Rb5 75. Kg6 Kf4 76. Kh5 Ke5 77. Ng6+ Kf6 78. Nh4 Ke5 79. Kg5 Ke4 80. Ng6 Kf3 81. Kh4 Ke4 82. f6 Rb7 83. Ne7 Rb8 84. g5 Kf4 85. Ng6+ Kf5 86. Kh5 Ke6 87. Kh6 Rb5 88. Nh8 Rf5 89. f7 Ke7 90. g6 Rf6 91. Kh7 Rf1 92. Kg8 Ra1 93. f8Q+ 1-0

[Event "SVK-ch U18/20"]
[Site "Stara Lubovna"]
[Date "2021.06.29"]
[Round "5"]
[White "Turcan, Richard"]
[Black "Stauder, Matej"]
[Result "1-0"]
[WhiteElo "2295"]
[BlackElo "2006"]
[PlyCount "85"]
[EventDate "2021.06.26"]
[EventType "swiss"]
[EventRounds "9"]
[EventCountry "SVK"]
[SourceTitle "CBM 203 Extra"]
[Source "ChessBase"]
[SourceDate "2021.09.30"]
[SourceVersion "1"]
[SourceVersionDate "2021.09.30"]
[SourceQuality "1"]

1. e4 c5 2. Nf3 d6 3. d4 cxd4 4. Nxd4 Nf6 5. Nc3 a6 6. h3 e5 7. Nde2 Be7 8. g4 Be6 9. Bg2 0-0 10. Be3 b5 11. a4 b4 12. Nd5 Nxd5 13. exd5 Bc8 14. Qd2 a5 15. 0-0 f5 16. gxf5 Bxf5 17. f4 Ra6 18. Ng3 Bg6 19. fxe5 dxe5 20. c4 Nd7 21. Rfe1 Nc5 22. Rad1 Nxa4 23. Kh2 Nc5 24. d6 Rxd6 25. Bd5+ Ne6 26. c5 Ra6 27. Qg2 Qc7 28. c6 Bf7 29. Nf5 Bf6 30. Nh6+ Kh8 31. Nxf7+ Qxf7 32. Bc4 Raa8 33. Qg4 Rae8 34. Rd7 Qg6 35. Bxe6 Qc2+ 36. Rd2 Qxc6 37. Bd7 Qc7 38. Bxe8 Rxe8 39. Qd7 Qb8 40. Red1 Rg8 41. Qd6 Qe8 42. Rf1 Qg6 43. Rg2 1-0

[Event "SVK-ch U18/20"]
[Site "Stara Lubovna"]
[Date "2021.06.28"]
[Round "3"]
[White "Stauder, Matej"]
[Black "Skrinar, Marek"]
[Result "1-0"]
[WhiteElo "2006"]
[BlackElo "1712"]
[PlyCount "117"]
[EventDate "2021.06.26"]
[EventType "swiss"]
[EventRounds "9"]
[EventCountry "SVK"]
[SourceTitle "CBM 203 Extra"]
[Source "ChessBase"]
[SourceDate "2021.09.30"]
[SourceVersion "1"]
[SourceVersionDate "2021.09.30"]
[SourceQuality "1"]

1. d4 e6 2. e4 b6 3. Bd3 Bb7 4. Nf3 c5 5. c3 h6 6. 0-0 Nf6 7. Re1 d5 8. exd5 Qxd5 9. c4 Qh5 10. d5 Bd6 11. Qa4+ Kd8 12. Nc3 a6 13. Ne4 Nxe4 14. Bxe4 exd5 15. Bxd5 Bxd5 16. cxd5 g5 17. Ne5 b5 18. Qa5+ Bc7 19. Qc3 Re8 20. d6 Bxd6 21. Bxg5+ Kc8 22. Bf4 Nd7 23. Nxd7 Rxe1+ 24. Qxe1 Bxf4 25. Nb6+ Kb7 26. Nxa8 Qxh2+ 27. Kf1 Qh1+ 28. Ke2 Qxg2 29. Qh1 Qxh1 30. Rxh1 Kxa8 31. Kf3 Be5 32. Rxh6 Bxb2 33. Rxa6+ Kb7 34. Rd6 f6 35. Ke4 Kc7 36. Rd2 Ba1 37. Kd5 Kb6 38. Rc2 Bd4 39. f4 Be3 40. f5 Bd4 41. Re2 Ka5 42. Re6 Kb4 43. Rc6 Ka5 44. Rc8 Kb4 45. Rb8 Be5 46. Re8 Bd4 47. Rc8 Be3 48. Rc6 Bd4 49. Rb6 Ka5 50. Rb8 Be5 51. Ra8+ Kb6 52. a4 bxa4 53. Rxa4 Bg3 54. Re4 Kb5 55. Re6 Bh4 56. Rc6 Bg5 57. Rxc5+ Kb6 58. Rc2 Bf4 59. Rc6+ 1-0

[Event "Slovak Hybrid Teams"]
[Site "Tornelo INT"]
[Date "2021.05.15"]
[Round "5.1"]
[White "Stauder, Matej"]
[Black "Bochnickova, Andrea"]
[Result "0-1"]
[WhiteElo "2006"]
[BlackElo "2139"]
[PlyCount "96"]
[EventDate "2021.05.13"]
[EventType "team-tourn"]
[EventRounds "5"]
[EventCountry "SVK"]
[SourceTitle "CBM 202 Extra"]
[Source "ChessBase"]
[SourceDate "2021.07.31"]
[SourceVersion "1"]
[SourceVersionDate "2021.07.31"]
[SourceQuality "1"]
[WhiteTeam "Zilina Region CF"]
[BlackTeam "Bratislava Chess Feeration"]
[WhiteTeamCountry "SVK"]
[BlackTeamCountry "SVK"]

1. d4 Nf6 2. c4 c5 3. d5 b5 4. cxb5 a6 5. e3 d6 6. Nc3 g6 7. Nf3 Bg7 8. Be2 0-0 9. 0-0 Nbd7 10. a4 axb5 11. Bxb5 Ba6 12. Bd2 Nb6 13. e4 Nc4 14. Qe2 Nxd2 15. Nxd2 Bxb5 16. axb5 Nd7 17. Ra6 Rxa6 18. bxa6 Qa5 19. Nb3 Qb4 20. Qb5 Bxc3 21. Qxd7 Bxb2 22. Qb7 Qxb7 23. axb7 Rb8 24. Rb1 Rxb7 25. Na5 Rb4 26. Nc6 Rxe4 27. f3 Bd4+ 28. Kf1 Rh4 29. Nxe7+ Kf8 30. Nc8 Be5 31. h3 Rd4 32. Nb6 Rb4 33. Rxb4 cxb4 34. Ke2 Ke7 35. Kd3 b3 36. Nc4 b2 37. Kc2 Kf6 38. f4 Bxf4 39. Nxb2 Ke5 40. Nd3+ Ke4 41. Kc3 f5 42. Kc4 Be3 43. Ne1 g5 44. Nf3 h5 45. h4 g4 46. Ng5+ Bxg5 47. hxg5 Ke5 48. g3 h4 0-1

[Event "SVK-ch U20"]
[Site "Lubovna"]
[Date "2020.08.17"]
[Round "3"]
[White "Bielik, Jakub"]
[Black "Stauder, Matej"]
[Result "1/2-1/2"]
[WhiteElo "1978"]
[BlackElo "1963"]
[PlyCount "77"]
[EventDate "2020.08.15"]
[EventType "swiss"]
[EventRounds "9"]
[EventCountry "SVK"]
[SourceTitle "EXT 2021"]
[Source "ChessBase"]
[SourceDate "2020.10.23"]
[SourceVersion "1"]
[SourceVersionDate "2020.10.23"]
[SourceQuality "1"]

1. e4 c5 2. Nc3 g6 3. f4 Bg7 4. Nf3 d6 5. Bb5+ Nc6 6. Bxc6+ bxc6 7. 0-0 Nf6 8. d3 0-0 9. Bd2 Rb8 10. Rb1 Ne8 11. Na4 Nc7 12. Bc3 f6 13. b3 e5 14. fxe5 fxe5 15. Ba5 Bg4 16. h3 Bxf3 17. Rxf3 Qe7 18. Bxc7 Qxc7 19. Qe2 Rxf3 20. Qxf3 Rf8 21. Qe2 Bh6 22. Rf1 Bf4 23. Nb2 d5 24. Nd1 Qa5 25. a4 Qb4 26. Kh1 dxe4 27. Nf2 Qd2 28. Qxd2 Bxd2 29. dxe4 Be3 30. Kg1 h5 31. g3 h4 32. Kg2 hxg3 33. Nd3 Rxf1 34. Kxf1 Bf4 35. Nxc5 Kf7 36. Kg2 Ke7 37. Nd3 g5 38. c4 Kd6 39. Kf3 1/2-1/2

[Event "SVK-chT2C 1920"]
[Site "Slovakia"]
[Date "2020.03.08"]
[Round "11.5"]
[White "Veselovsky, Roman"]
[Black "Stauder, Matej"]
[Result "1/2-1/2"]
[WhiteElo "1958"]
[BlackElo "1936"]
[PlyCount "130"]
[EventDate "2019.10.26"]
[EventType "team-tourn"]
[EventRounds "11"]
[EventCountry "SVK"]
[SourceTitle "CBM 195 Extra"]
[Source "ChessBase"]
[SourceDate "2020.05.31"]
[SourceVersion "1"]
[SourceVersionDate "2020.05.31"]
[SourceQuality "1"]
[WhiteTeam "Ruzomberok Montana"]
[BlackTeam "Zilina Mladost II"]
[WhiteTeamCountry "SVK"]
[BlackTeamCountry "SVK"]

1. e4 c5 2. c3 Nf6 3. e5 Nd5 4. d4 e6 5. Nf3 Nc6 6. Bc4 d6 7. 0-0 dxe5 8. dxe5 Be7 9. Qe2 Qc7 10. Rd1 Nb6 11. Bb3 0-0 12. Bf4 Na5 13. Bc2 Nd5 14. Bg3 b6 15. a3 c4 16. h4 Bb7 17. h5 Bc5 18. Qe4 Nf6 19. Qh4 Ne8 20. Nbd2 Bd5 21. Ne4 Be7 22. Qg4 Qb7 23. Re1 Nb3 24. Rad1 Nc5 25. Rd2 Rd8 26. Bh4 f5 27. exf6 Nxf6 28. Bxf6 Bxf6 29. Nxc5 bxc5 30. Ng5 Bxg5 31. Qxg5 Rd7 32. h6 Rdf7 33. Rde2 Kh8 34. Qg3 gxh6 35. Qe5+ Rg7 36. Be4 Bxe4 37. Qxe4 Qxe4 38. Rxe4 Rb7 39. R1e2 Rfb8 40. Rxc4 Rxb2 41. Rxb2 Rxb2 42. Rxc5 Rb7 43. Kf1 Kg7 44. Ke2 Rd7 45. a4 Kf6 46. a5 Ke7 47. Ke3 Kd8 48. Rh5 Rc7 49. Kd4 Rd7+ 50. Kc5 Rc7+ 51. Kd6 Rxc3 52. Rxh6 Rc2 53. Rxh7 Rd2+ 54. Kxe6 Re2+ 55. Kd6 Rd2+ 56. Kc6 Rxf2 57. g4 Rf6+ 58. Kb7 Rg6 59. Kxa7 Rxg4 60. a6 Kc8 61. Rb7 Rg6 62. Rb5 Rc6 63. Rb4 Kc7 64. Rb3 Kc8 65. Rb4 Kc7 1/2-1/2

[Event "SVK-chT2C 1920"]
[Site "Slovakia"]
[Date "2020.02.16"]
[Round "9.6"]
[White "Adam, Tomas"]
[Black "Stauder, Matej"]
[Result "1/2-1/2"]
[WhiteElo "1942"]
[BlackElo "1936"]
[PlyCount "49"]
[EventDate "2019.10.26"]
[EventType "team-tourn"]
[EventRounds "11"]
[EventCountry "SVK"]
[SourceTitle "CBM 195 Extra"]
[Source "ChessBase"]
[SourceDate "2020.05.31"]
[SourceVersion "1"]
[SourceVersionDate "2020.05.31"]
[SourceQuality "1"]
[WhiteTeam "Filakovo"]
[BlackTeam "Zilina Mladost II"]
[WhiteTeamCountry "SVK"]
[BlackTeamCountry "SVK"]

1. e4 c5 2. b4 cxb4 3. a3 bxa3 4. Bxa3 Nc6 5. d4 d6 6. f4 Nf6 7. Qd3 d5 8. e5 Ne4 9. Be2 h5 10. Nf3 Bf5 11. Qb5 Qa5+ 12. Qxa5 Nxa5 13. 0-0 Nc6 14. c4 e6 15. Bxf8 Kxf8 16. Na3 Nc3 17. Rf2 Nxe2+ 18. Rxe2 dxc4 19. Rb2 Na5 20. Nb5 Nb3 21. Rxa7 Rxa7 22. Nxa7 Ke7 23. Nb5 Be4 24. Nd6 Bd5 25. Rc2 1/2-1/2

[Event "SVK-chT1E 1920"]
[Site "Slovakia"]
[Date "2020.01.25"]
[Round "7.6"]
[White "Stauder, Matej"]
[Black "Adamciak, Tomas"]
[Result "0-1"]
[WhiteElo "1966"]
[BlackElo "2055"]
[PlyCount "116"]
[EventDate "2019.10.12"]
[EventType "team-tourn"]
[EventRounds "11"]
[EventCountry "SVK"]
[SourceTitle "CBM 194 Extra"]
[Source "ChessBase"]
[SourceDate "2020.03.31"]
[SourceVersion "1"]
[SourceVersionDate "2020.03.31"]
[SourceQuality "1"]
[WhiteTeam "Kysucke Nove Mesto"]
[BlackTeam "Liptov Chess School II"]
[WhiteTeamCountry "SVK"]
[BlackTeamCountry "SVK"]

1. d4 d5 2. c4 c6 3. Nc3 Nf6 4. e3 e6 5. Qc2 Nbd7 6. Nf3 Bd6 7. cxd5 exd5 8. Bd3 0-0 9. 0-0 Re8 10. b3 Qe7 11. Bb2 Ne4 12. Rfe1 f5 13. h3 b6 14. a3 Bb7 15. b4 c5 16. bxc5 bxc5 17. Qe2 c4 18. Bc2 Bc6 19. Nxe4 fxe4 20. Nd2 Rab8 21. Reb1 Kh8 22. Bc1 Rxb1 23. Nxb1 Bc7 24. Bd2 Qd6 25. g3 a5 26. Nc3 Rb8 27. Bc1 Qg6 28. Kg2 Rf8 29. Bd1 Nf6 30. Ra2 Bd7 31. Qe1 h5 32. h4 Qf5 33. Qh1 Ng4 34. Bxg4 hxg4 35. a4 Be6 36. Nb5 Qf3+ 37. Kh2 Qxh1+ 38. Kxh1 Bxg3 39. Kg2 Bxh4 40. Ba3 Rf3 41. Bd6 g3 42. fxg3 Bg5 43. Bf4 Bxf4 44. exf4 Rb3 45. Rc2 Bd7 46. Nc3 Bc6 47. Kf2 Ra3 48. Rc1 Kg8 49. f5 Kf7 50. Ke3 Bxa4 51. Kf4 Bc6 52. Ke5 Rb3 53. Nxd5 Rb5 54. Rxc4 Rxd5+ 55. Kf4 Rd6 56. Ke5 Bb5 57. Rc7+ Rd7 58. Rc5 e3 0-1

[Event "SVK-chT2C 1920"]
[Site "Slovakia"]
[Date "2019.12.15"]
[Round "6.6"]
[White "Stauder, Matej"]
[Black "Molnar, Lubomir"]
[Result "0-1"]
[WhiteElo "1936"]
[BlackElo "1921"]
[PlyCount "108"]
[EventDate "2019.10.26"]
[EventType "team-tourn"]
[EventRounds "11"]
[EventCountry "SVK"]
[SourceTitle "CBM 194 Extra"]
[Source "ChessBase"]
[SourceDate "2020.03.31"]
[SourceVersion "1"]
[SourceVersionDate "2020.03.31"]
[SourceQuality "1"]
[WhiteTeam "Zilina Mladost II"]
[BlackTeam "Bziny"]
[WhiteTeamCountry "SVK"]
[BlackTeamCountry "SVK"]

1. d4 d5 2. c4 c6 3. Nc3 e5 4. cxd5 cxd5 5. e3 e4 6. Nge2 Nf6 7. Nf4 Nc6 8. Qb3 Bb4 9. Bb5 0-0 10. 0-0 Bxc3 11. bxc3 Na5 12. Qb4 a6 13. Be2 Bd7 14. Ba3 Re8 15. Rab1 b5 16. Bc1 Rc8 17. a4 Nc4 18. axb5 Bxb5 19. Re1 Qc7 20. Bd1 Rb8 21. Qc5 Qxc5 22. dxc5 Rec8 23. Be2 Rxc5 24. Bxc4 Rxc4 25. Bd2 Rcc8 26. Rec1 g5 27. Nxd5 Nxd5 28. c4 Bxc4 29. Rxb8 Rxb8 30. Rxc4 Rb1+ 31. Rc1 Rxc1+ 32. Bxc1 Nb4 33. Kf1 Nd3 34. Ba3 Kg7 35. Ke2 Kg6 36. f3 f5 37. fxe4 fxe4 38. Kd2 Kf5 39. h3 g4 40. hxg4+ Kxg4 41. Bd6 Kf5 42. Bg3 Ke6 43. Kc3 Kd5 44. Kb3 Kc5 45. Kc3 Nb4 46. Bb8 Nd5+ 47. Kb3 Kb5 48. Ba7 a5 49. Bd4 a4+ 50. Kb2 Kc4 51. Kc2 a3 52. g3 h5 53. Ba7 Nb4+ 54. Kb1 Kb3 0-1

[Event "SVK-chT1E 1920"]
[Site "Slovakia"]
[Date "2019.11.10"]
[Round "4.4"]
[White "Mrvova, Alena"]
[Black "Stauder, Matej"]
[Result "1-0"]
[WhiteElo "2164"]
[BlackElo "1936"]
[PlyCount "53"]
[EventDate "2019.10.12"]
[EventType "team-tourn"]
[EventRounds "11"]
[EventCountry "SVK"]
[SourceTitle "CBM 193 Extra"]
[Source "ChessBase"]
[SourceDate "2020.01.31"]
[SourceVersion "1"]
[SourceVersionDate "2020.01.31"]
[SourceQuality "1"]
[WhiteTeam "Humenne Reinter II"]
[BlackTeam "Kysucke Nove Mesto"]
[WhiteTeamCountry "SVK"]
[BlackTeamCountry "SVK"]

1. e4 c5 2. Nc3 e6 3. g3 d5 4. d3 Nf6 5. Bg2 Nc6 6. exd5 Nxd5 7. Nge2 Nxc3 8. Nxc3 Be7 9. Be3 0-0 10. 0-0 Qc7 11. Ne4 Nd4 12. b4 f5 13. Nxc5 Bxc5 14. bxc5 Qxc5 15. c4 Rd8 16. Rb1 Rb8 17. Re1 b5 18. Bf4 Rb6 19. Re5 Qa3 20. cxb5 Bb7 21. Re3 Rd7 22. Rc1 Rxb5 23. Bxb7 Rdxb7 24. Rc8+ Kf7 25. Qh5+ g6 26. Qxh7+ Kf6 27. Bg5+ 1-0